00493 2200169 4500001002100000005001500021035002000036007000300056008004100059020001800100082001000118084001400128245005600142260006900198300004700267650000900314INLIS00000000000018820231017030804 a0010-1023000124ta231017 g 0 ind  a979-8161-50-5 a633.1 a633.1 KIN aKinerja Penelitian Tanaman Pangan /cMahyuddin Syam aBogor :bPusat Penelitian dan Pengembangan tanaman Pangan,c1995 avi, 347-673 hlm, :bilus, ;c17 cm x 24 cm 4aPadi